MARC details
| 000 -CABECERA |
| campo de control de longitud fija |
01159nam a2200265 a 4500 |
| 001 - NÚMERO DE CONTROL |
| campo de control |
000002534 |
| 005 - FECHA Y HORA DE LA ÚLTIMA TRANSACCIÓN |
| campo de control |
20200929150217.0 |
| 008 - DATOS DE LONGITUD FIJA--INFORMACIÓN GENERAL |
| campo de control de longitud fija |
840402s1940 ag 001 p spa |
| 040 ## - FUENTE DE LA CATALOGACIÓN |
| Centro catalogador/agencia de origen |
DO-SdBNP |
| Lengua de catalogación |
spa |
| Centro/agencia transcriptor |
BNPHU |
| 082 ## - NÚMERO DE LA CLASIFICACIÓN DECIMAL DEWEY |
| Número de clasificación |
861.12 |
| Número de documento/Ítem |
P744C, 1940 |
| 245 00 - MENCIÓN DE TÍTULO |
| Título |
Poema del Cid / |
| Mención de responsabilidad, etc. |
Edición crítica, Ramón Menéndez Pidal ; versión en romance moderno, Pedro Salinas. |
| 250 ## - MENCIÓN DE EDICIÓN |
| Mención de edición |
3a ed. |
| 260 ## - PUBLICACIÓN, DISTRIBUCIÓN, ETC. |
| Lugar de publicación, distribución, etc. |
Buenos Aires : |
| Nombre del editor, distribuidor, etc. |
Losada, |
| Fecha de publicación, distribución, etc. |
1940. |
| 300 ## - DESCRIPCIÓN FÍSICA |
| Extensión |
289 p. ; |
| Dimensiones |
18 cm. |
| 490 1# - MENCIÓN DE SERIE |
| Mención de serie |
Las cien obras maestras de la literatura y del pensamiento universal |
| Designación de volumen o secuencia |
no. 1 |
| 500 ## - NOTA GENERAL |
| Nota general |
Las cien obras maestras de la literatura y del pensamiento universal fueron publicadas bajo la dircción de Pedro Henríquez Ureña. |
| 600 14 - PUNTO DE ACCESO ADICIONAL DE MATERIA--NOMBRE DE PERSONA |
| Nombre de persona |
CID, |
| Fechas asociadas al nombre |
1043-1099 |
| Subdivisión general |
ROMANCES |
| 9 (RLIN) |
7961 |
| 650 #4 - PUNTO DE ACCESO ADICIONAL DE MATERIA--TÉRMINO DE MATERIA |
| Término de materia o nombre geográfico como elemento de entrada |
Poesía épica española |
| Subdivisión cronológica |
SIGLO X - XIV |
| 9 (RLIN) |
7962 |
| 650 #4 - PUNTO DE ACCESO ADICIONAL DE MATERIA--TÉRMINO DE MATERIA |
| Término de materia o nombre geográfico como elemento de entrada |
Poesía narrativa |
| 9 (RLIN) |
7963 |
| 650 #4 - PUNTO DE ACCESO ADICIONAL DE MATERIA--TÉRMINO DE MATERIA |
| Término de materia o nombre geográfico como elemento de entrada |
Caballeros y caballeria |
| Subdivisión general |
Poesía |
| 9 (RLIN) |
7964 |
| 650 #4 - PUNTO DE ACCESO ADICIONAL DE MATERIA--TÉRMINO DE MATERIA |
| Término de materia o nombre geográfico como elemento de entrada |
Héroes |
| Subdivisión general |
Poesías |
| 9 (RLIN) |
7965 |
| 700 1# - PUNTO DE ACCESO ADICIONAL--NOMBRE DE PERSONA |
| Nombre de persona |
Menéndez Pidal, Ramón, |
| Fechas asociadas al nombre |
1869-1968. |
| Término indicativo de función/relación |
tr. |
| 9 (RLIN) |
3902 |
| 700 1# - PUNTO DE ACCESO ADICIONAL--NOMBRE DE PERSONA |
| Nombre de persona |
Salinas, Pedro, |
| Fechas asociadas al nombre |
1892-1951. |
| Término indicativo de función/relación |
ed. |
| 9 (RLIN) |
7966 |
| 830 #4 - PUNTO DE ACCESO ADICIONAL DE SERIE-TÍTULO UNIFORME |
| Título uniforme |
Las cien obras maestras de la literatura y del pensamiento universal ; |
| Designación de volumen o secuencia |
no. 1 |
| 9 (RLIN) |
7967 |